000
00269nam a2200109Ia 4500
008
200302s9999 xx 000 0 und d
100
_a
John C. Krieg
245
_a
Desert Landscape Architecture
260
_b
C. R. C. Press. Pvt. Ltd.
260
_c
1999
300
_a
628 P.,
999
_c
1403
_d
1403